书目信息 |
| 题名: |
精细有机合成化学及工艺学
|
|
| 作者: | 唐培堃 主编 | |
| 分册: | ||
| 出版信息: | 天津 天津大学出版社 1993.11 |
|
| 页数: | 383页 | |
| 开本: | 16开 | |
| 丛书名: | ||
| 单 册: | ||
| 中图分类: | ||
| 科图分类: | ||
| 主题词: | 有机化学 | |
| 电子资源: | ||
| ISBN: | 7-5618-0517-9 | |
| 000 | 00573nam0 2200193 45 | |
| 001 | 9911021082 | |
| 005 | 19991102102407.5 | |
| 010 | @a7-5618-0517-9@d32.00CNY | |
| 100 | @a19991102d1993 km y0chiy0120 ea | |
| 101 | @achi | |
| 200 | 1 | @a精细有机合成化学及工艺学@AJing Xi You Ji He Cheng Hua Xue Ji Gong Yi Xue@f唐培堃主编@FTang Pei Kun Zhu Bian |
| 210 | @a天津@c天津大学出版社@d1993.11 | |
| 215 | @a383页@d16开 | |
| 606 | 0 | @a有机化学 |
| 690 | @v3 | |
| 690 | @aO62 | |
| 701 | 0 | @a唐培堃@ATang Pei Kun@4主编 |
| 801 | @aCN@bPFTUser@c19991102 | |
| 905 | @f3@b42134-136@dO62@eT405 | |
| 精细有机合成化学及工艺学/唐培堃主编.-天津:天津大学出版社,1993.11 |
| 383页;16开 |
| ISBN 7-5618-0517-9:32.00CNY |
| ● |
| 相关链接 |
|
|
|
正题名:精细有机合成化学及工艺学
索取号:O62/T405
 
预约/预借
| 序号 | 登录号 | 条形码 | 馆藏地/架位号 | 状态 | 备注 |
| 1 | 393244 | 203932441 | 自科库401/401自科库 62排5列3层/ [索取号:O62/T405] | 在馆 | |
| 2 | 393245 | 203932450 | 自科库401/401自科库 62排5列3层/ [索取号:O62/T405] | 在馆 | |
| 3 | 393246 | 203932469 | 自科库401/401自科库 62排5列3层/ [索取号:O62/T405] | 在馆 | |
| 4 | 42134 | 200421347 | 自科二线504/504自科库 44排5列3层/ [索取号:O62/T405] | 在馆 | |
| 5 | 42135 | 200421356 | 自科库401/401自科库 62排5列3层/ [索取号:O62/T405] | 在馆 | |
| 6 | 42136 | 200421365 | 自科二线504/504自科库 43排1列5层/ [索取号:O62/T405] | 在馆 |